Football Players by Picture #2 - General - Statistics

General Stats
  • This quiz has been taken 15,953 times
    9,644 since last reset
  • The average score is 12 of 20
Answer Stats
Picture Answer % Correct
Virgil Van Dijk
96%
Kingsley Coman
90%
Bernardo Silva
86%
David Alaba
86%
Marc-André Ter Stegen
84%
Mario Mandžukić
74%
Mauro Icardi
73%
Chris Smalling
63%
Dimitri Payet
63%
Marek Hamšík
62%
Radja Nainggolan
62%
Aaron Ramsey
54%
Hirving Lozano
54%
Marquinhos
54%
Saúl Ñíguez
52%
Tim Cahill
45%
Toby Alderweireld
44%
Aleksandar Kolarov
37%
Leighton Baines
31%
Gabriel Fernández
22%
No matching quizzes found
Score Distribution
Percent of People with Each Score
Percentile by Number Answered
Your Score History
You have not taken this quiz since the last reset